مكتبة جامعة عجلون الوطنية

فهرس بحث المكتبة

Normal view MARC view
  • فهمي، محمود

Entry Personal Name

Number of records used in: 1

001 - CONTROL NUMBER

  • control field: 36601

003 - CONTROL NUMBER IDENTIFIER

  • control field: JO-AjAnu

005 - DATE AND TIME OF LATEST TRANSACTION

  • control field: 20230606080117.0

008 - FIXED-LENGTH DATA ELEMENTS

  • fixed length control field: 230606|| aca||aabn | a|a d

040 ## - CATALOGING SOURCE

  • Original cataloging agency: JO-AjAnu
  • Transcribing agency: JO-AjAnu

100 ## - HEADING--PERSONAL NAME

  • Personal name: فهمي، محمود

670 ## - SOURCE DATA FOUND

  • Source citation: Work cat.: (JO-AjAnu)18789: فهمي، محمود, author, المدير:نظرات في تطبيق علوم الادارة الحديثة في الاعمال